Score 0/25 Timer 05:00
1 Play Today
% Correct
Japan
91.7%
Spain
91.6%
Sweden
91.3%
Iran
87.1%
Oman
86.7%
Yemen
86%
Sudan
85.5%
Pakistan
85.2%
Afghanistan
81.8%
Kazakhstan
81.5%
Taiwan
79.6%
Jordan
78.8%
South Sudan
77.6%
% Correct
Uzbekistan
76.6%
Turkmenistan
76.4%
Lebanon
76.3%
Bhutan
75.8%
Tajikistan
73.4%
Kyrgyzstan
72.5%
Azerbaijan
72.2%
Liechtenstein
71.2%
Benin
70.6%
Bahrain
70.5%
Gabon
66.8%
Cameroon
66.4%

You're not logged in!

Compare scores with friends on all Sporcle quizzes.
OR
Log In

Sporcle TV

Today on Sporcle TV


Watch our educational content, quiz creation guides, and fun videos on Sporcle TV.

Show Comments

Extras

Top Quizzes Today


Score Distribution

Paid Content

Your Account Isn't Verified!

In order to create a playlist on Sporcle, you need to verify the email address you used during registration. Go to your Sporcle Settings to finish the process.

Report this User

Report this user for behavior that violates our Community Guidelines.

Details: